Historia de las variaciones de las Iglesias protestantes : tomo cuatro /

Guardat en:
Dades bibliogràfiques
Autor principal: Bossuet, Jacques-Bénigne (autor)
Format: Llibre
Idioma:espanyol
Matèries:
Etiquetes: Afegir etiqueta
Sense etiquetes, Sigues el primer a etiquetar aquest registre!

MARC

LEADER 00000nam^a2200000^a^4500
001 000364109
005 20250526000000.0
009 20260310115606.285
037 |a Acervo Xavier Clavigero 
041 |a ESP 
082 |a 230.  |b BOS OBR HIS V. 4-5 
100 |a Bossuet, Jacques-Bénigne  |e (autor) 
240 1 1 |a [Historia de las variaciones de las Iglesias protestantes] 
240 1 1 |a [Exposición de la doctrina de la Iglesia católica sobre los puntos de controversia] 
245 1 0 |a Historia de las variaciones de las Iglesias protestantes :  |b tomo cuatro /  |c J.B. Bossuet. 
264 |a Madrid, España :  |b Andrés Ortega,  |c 1772 
300 |a 324, 214 p. ;  |c 20.5 cm. 
336 |a texto  |b txt  |2 rdacontenido 
337 |a sin mediación  |b n  |2 rdamedio 
338 |a volumen  |b nc  |2 rdasoporte 
501 |a Encuadernación particular 
545 0 |a Jacques-Bénigne Bossuet (Dijon, 1627 – París, 1704), religioso y escritor francés, nombrado por el rey Luis XIV como preceptor de Luis de Francia, El Gran Delfín, heredero al trono, en 1670. Bossuet, cuya trayectoria eclesiástica arrancó hacia mediados del siglo, fue dueño de una sólida prosa barroca, que tiene una de sus mejores expresiones en sus Oraciones fúnebres (1656-87), pronunciadas en memoria de diversos personajes de la familia real. El tratado Del conocimiento de Dios y de sí mismo (1668-1670) también precede a su desempeño como tutor del sucesor real, para quien escribió numerosas obras, tales como: Discurso sobre la historia universal (1681), en que la historia es vista con un enfoque teológico; Discurso sobre la unidad de las iglesias (1681); la obra polémica Historia de las variaciones de las iglesias protestantes (1688), argumento sobre la presunta endeblez de las doctrinas protestantes, y el panfleto Informe sobre el quietismo (1698). Autor de cerca de 700 sermones, de los que se conservan casi 250, Bossuet se cuenta entre los más lúcidos exponentes de la historiografía providencialista y los más brillantes defensores de la autoridad del rey y de la Iglesia, en el clima de absolutismo monárquico y restauración católica que caracterizó a su época. 
649 |a XX 
650 |a Religiosos Alemanes -  |x Historia 
650 |a Iglesia Católica -  |x Controversias y Polémicas 
650 |a Iglesia Católica -  |x Historia 
650 |a Reforma -  |x Historia 
650 |a Apologética 
650 |a Teología Doctrinal 
650 |a Luteranismo -  |x Historia 
650 |a Protestantismo -  |x Historia -  |x Tema Principal 
650 |a Cristianismo -  |x Historia 
650 |a Religión -  |x Historia 
650 |a Alemania -  |x Historia -  |y Reforma y Contrarreforma, 1519-1648 
650 |a Lutero, Martín 
740 0 |a Exposición de la doctrina de la Iglesia católica sobre los puntos de controversia /  |c J.B. Bossuet. 
910 |a Fondo General 
920 |a Impresos - Libros 
930 |a Libros Antiguos y Raros 
905 |a 108 
901 |a 0500257500  |b IT2  |c LRA  |u 20250526 
902 |a https://opac.biblio.iteso.mx/vufind/Record/000364109